003830000a2200133000450024500650000065000160006565000150008165000320009665000170012804100130014570000180015810000160017677300570019210aComparing three classification strategies for use in ecology14aEstadistica14aEcología14aSistemas de clasificación14aVegetación0 aInglés1 aMcDonald, Cam1 aLee, Belbin1 tJournal of Vegetation Science3263h4q341-348d1993